| 000 | 01109nam a22003377a 4500 | ||
|---|---|---|---|
| 003 | CHAP | ||
| 005 | 20240515144716.0 | ||
| 008 | 080125s2004 uk r 00010 eng d | ||
| 010 | _a95524 | ||
| 011 | _a96496 | ||
| 020 | _a9781904761266 | ||
| 035 | _a107150 | ||
| 040 | _cCHAP | ||
| 082 | 0 | 4 |
_a637.14 _bF32 |
| 245 | 0 | 0 |
_aFeed into milk : _ba new applied feeding system for dairy cows _c/edited by C. Thomas |
| 260 |
_aNottingham, UK : _bNottingham University, _c2004 |
||
| 300 |
_axx, 68 p. : _bgráfs. + 1CD (4 3/4 plg.) |
||
| 590 |
_aBATCH-UPD _b10 _c20130110 |
||
| 590 |
_aBATCH-UPD _b10 _c20130410 |
||
| 590 |
_aBATCH-UPD _b10 _c20130914 |
||
| 590 |
_aCONVERSION _b10 _c20130109 |
||
| 650 | 0 | 4 |
_aGanado lechero _xAlimentación. _945238 |
| 650 | 0 | 4 |
_aGanado lechero _xMejoramiento. _945274 |
| 650 | 0 | 4 |
_aGanado lechero _xNutrición. _945281 |
| 650 | 0 | 4 |
_aLeche _xComposición. _965363 |
| 650 | 0 | 4 |
_aLeche _xProducción. _965400 |
| 700 | 1 |
_aThomas, C. _e, ed. _9112812 |
|
| 901 | _aBK | ||
| 942 |
_cLIBRO _2ddc |
||
| 949 |
_a637.14 T36 _bBC _cLIBRO _d33724002050462 _eLIBRO _gI.c/e _h110134 _i107150 _sb _t$988.65 |
||
| 999 |
_c95524 _d95524 |
||